000 00486nam a2200169Ia 4500
003 GCL
008 140319s9999 xx 000 0 ara d
040 _aGCL /
_cGCL
082 0 4 _a915.97
_bأ م
100 1 _aاحمد حمروش
245 1 0 _aمصرى فى فيتنام وكوريا والصين /
_cاحمد حمروش
300 _a112 ص ؛
_c20سم
650 0 4 _aوصف ورحلات
650 0 4 _aالعالم - وصف ورحلات
650 0 4 _aفيتنام
942 _2ddc
_cBK
999 _c40432
_d40432